Multiple-Choice-Stadtquiz Solingen - Statistiken

Allgemein
  • Dieses Quiz wurde 591 mal gespielt
  • Das Durchschnittsergebnis liegt bei 6 aus 10
Antwortstatistiken
Frage Antwort % Korrekt
In welchem Bundesland liegt Solingen? Nordrhein-Westfalen
96%
Wie heißt die Region, zu der Solingen zählt? Bergisches Land
84%
Für welchen Industriezweig ist Solingen bekannt? Schneidwarenindustrie
75%
Welches Foto zeigt die Müngstener Brücke?
70%
Welche besondere Art des Nahverkehrs findet man in Solingen? Oberleitungsbus
66%
Welche dieser Städte ist keine Nachbarstadt von Solingen? Herne
63%
In Solingen gibt es das weltweit einzige Planetarium, welches in einem stillgelegten Kugelgasbehälter gebaut wurde. Wie heißt es? Galileum
46%
Welcher Bundespräsident wurde im heutigen Solingen geboren? Walter Scheel
43%
Wie hoch ist die in Solingen liegende Müngstener Brücke, die höchste Eisenbahnbrücke Deutschlands? 107 m
39%
Wie heißt das größte Solinger Volksfest? Dürpelfest
39%
Keine übereinstimmenden Quizze gefunden
Verteilung der Resultate
Anzahl Personen mit jedem Resultat
Perzentil nach korrekt beantworteten Fragen
Ihre Resultats-Entwicklung
Sie haben dieses Quiz noch nicht gespielt